Guess the 1960s song lyrics #280 - Statistics

General Stats
  • This quiz has been taken 11 times
  • The average score is 79 of 110
Answer Stats
Answer % Correct
a
100%
And
100%
I
100%
in
100%
love
100%
me
100%
my
100%
The
100%
the
100%
to
100%
when
100%
You
100%
could
88%
ever
88%
for
88%
heart
88%
no
88%
of
88%
oh
88%
one
88%
then
88%
what
88%
Without
88%
I'm
75%
just
75%
knew
75%
Now
75%
own
75%
saw
75%
there
75%
was
75%
will
75%
alone
63%
Blue
63%
had
63%
only
63%
Please
63%
arms
50%
care
50%
moon
50%
prayer
50%
somebody
50%
Someone
50%
standing
50%
adore
38%
before
38%
dream
38%
heard
38%
hold
38%
longer
38%
looked
38%
really
38%
saying
38%
whisper
38%
appeared
25%
gold
25%
Marcels
25%
suddenly
25%
turned
25%
No matching quizzes found
Score Distribution
Percent of People with Each Score
Percentile by Number Answered
Your Score History
You have not taken this quiz